Jste oblíbení?
Neobľúbenosť u spolupracovníkov a obchodných partnerov spôsobuje rôzne komplikácie. Osobné vlastnosti ako hlavné príčiny neobľúbenosti. Ochota pomôcť a poradiť ako jedna z hlavných ciest získania obľúbenosti. Schopnosť ovládať sa a včas ustúpiť ako ďalšie predpoklady obľúbenosti.
Na minha lista:
| Autor principal: | |
|---|---|
| Formato: | Capítulo de Livro |
| Idioma: | tcheco |
| Assuntos: | |
| Tags: |
Sem tags, seja o primeiro a adicionar uma tag!
|
MARC
| LEADER | 00000naa a2200000 4500 | ||
|---|---|---|---|
| 001 | r006377 | ||
| 005 | 20221125081104.4 | ||
| 041 | 0 | |a cze | |
| 044 | |a [CS] | ||
| 245 | 1 | 0 | |a Jste oblíbení? |c C. Čejpa |
| 520 | |a Neobľúbenosť u spolupracovníkov a obchodných partnerov spôsobuje rôzne komplikácie. Osobné vlastnosti ako hlavné príčiny neobľúbenosti. Ochota pomôcť a poradiť ako jedna z hlavných ciest získania obľúbenosti. Schopnosť ovládať sa a včas ustúpiť ako ďalšie predpoklady obľúbenosti. | ||
| 610 | 2 | 0 | |a osobnosť |
| 610 | 2 | 0 | |a pracovníci |
| 610 | 2 | 0 | |a vzťahy medziľudské |
| 610 | 2 | 0 | |a činiteľ ľudský |
| 100 | 1 | |a Čejpa, C. | |